01658cam a22003857a 4500003000500000005001700005008004100022010001000063011001000073035001000083040000900093090001000102100003900112245011200151260004100263300001900304502007000323590003700393590004100430590004100471590004100512590004200553650003100595650003100626901000700657905002300664942000900687949005500696949005500751949004200806999001700848952014000865952014001005952012701145CHAP20220329142216.0000218d1999 mx a r 00110 spa d a79934 a80906 a91363 cCHAP aTesis00aPacheco Sánchez, Maribel.98458810aFactores que influyen en la androgénesis in vitro de Solanum iopetalum L.c/por Maribel Pacheco Sánchez aChapingo, Méx. :bEl autor,c1999. a89 h. :bilus. aTesis (M. C. en Horticultura) -- UACH. Departamento de Fitotecnia aALEPHb10c20130110lUCH01h1434 aBATCH-UPDb10c20130110lUCH01h0729 aBATCH-UPDb10c20130410lUCH01h0412 aBATCH-UPDb10c20130914lUCH01h1115 aCONVERSIONb10c20130109lUCH01h134414aCultivo de tejidos.93021314aSolanum iopetalum.9108362 aBK aLilia Sánchez G. cFOLL bBCcTESd33724000749099eTS2fc.3h35198i91363sb bBCcTESd33724000749107eTS2fc.2h35197i91363sb bBCcTESd913631eTS1h35196i91363sb c79934d79934 00102local4053708TESISaBCbBCcPA_TESISd2019-12-31fTESISl0oTesisp33724000749099r2019-12-31 00:00:00tc.3w2019-12-31yTESIS 00102local4053708TESISaBCbBCcPA_TESISd2019-12-31fTESISl0oTesisp33724000749107r2019-12-31 00:00:00tc.2w2019-12-31yTESIS 00102local4051708TESISaBCbBCcPA_TESISd2019-12-31fTESISl0oTesisp913631r2019-12-31 00:00:00w2019-12-31yTESIS